Statistics for 1990s Albums (Easy)

Click here to take the quiz!

General Stats

  • This quiz has been taken 161 times
    (80 since last reset)
  • The average score is 15 of 20

Answer Stats

Answer% Correct
Nevermind - Nirvana
100%
All Eyez on Me - 2Pac
93%
Baby One More Time - Britney Spears
91%
Believe - Cher
85%
Millennium - Backstreet Boys
85%
Dangerous - Michael Jackson
84%
Bedtime Stories - Madonna
82%
Post - Björk
77%
Weezer - Weezer
77%
Dookie - Green Day
76%
OK Computer - Radiohead
76%
(What's The Story) Morning Glory? - Oasis
76%
I Do Not Want That I Haven't Got - Sinead O' Connor
74%
Californication - Red Hot Chili Peppers
72%
Daydream - Mariah Carey
70%
Enema Of The State - Blink-182
70%
Tragic Kingdom - No Doubt
68%
Unplugged - Eric Clapton
68%
Out of Time - R.E.M.
65%
Mellon Collie and the Infinite Sadness - Smashing Pumpkins
57%

Score Distribution

Percentile by Number Answered

Percent of People with Each Score

Your Score History

You have not taken this quiz since the last reset